[Event "Mumbai ICS-ch"]
[Site "Mumbai"]
[Date "2022.10.01"]
[Round "5"]
[White "Gengaje, Pratik"]
[Black "Kumbhar, Kartik"]
[Result "1-0"]
[WhiteElo "1730"]
[BlackElo "1252"]
[PlyCount "73"]
[EventDate "2022.09.25"]
[EventType "swiss"]
[EventRounds "8"]
[EventCountry "IND"]
[SourceTitle "EXT 2023"]
[Source "ChessBase"]
[SourceDate "2022.10.05"]
[SourceVersion "1"]
[SourceVersionDate "2022.10.05"]
[SourceQuality "1"]

1. e4 e5 2. Nf3 Nc6 3. Bc4 Bc5 4. d3 d6 5. c3 Nf6 6. a4 a5 7. 0-0 0-0 8. Bg5 Be6 9. Nbd2 Bxc4 10. Nxc4 h6 11. Bh4 g5 12. Bg3 Ne7 13. h4 Nh5 14. d4 exd4 15. cxd4 Bb4 16. hxg5 Nxg3 17. fxg3 f5 18. exf5 Nxf5 19. Qd3 hxg5 20. g4 Ng7 21. g3 Qd7 22. Nxg5 Ne8 23. Rxf8+ Kxf8 24. Rf1+ Kg8 25. Qg6+ Qg7 26. Qe6+ Kh8 27. Nf7+ Kh7 28. Kg2 Qg6 29. Qe3 Nf6 30. Ng5+ Kh8 31. Rh1+ Kg8 32. Qe6+ Kg7 33. Ne3 Qxg5 34. Nf5+ Kf8 35. Rh8+ Ng8 36. Rxg8+ Qxg8 37. Qe7# 1-0

[Event "IND-chT 41st"]
[Site "Jalgaon"]
[Date "2022.04.09"]
[Round "2.1"]
[White "Sankalp, Gupta"]
[Black "Gengaje, Pratik"]
[Result "1-0"]
[WhiteElo "2504"]
[BlackElo "1744"]
[PlyCount "45"]
[EventDate "2022.04.08"]
[EventType "team-swiss"]
[EventRounds "9"]
[EventCountry "IND"]
[SourceTitle "CBM 208 Extra"]
[Source "ChessBase"]
[SourceDate "2022.07.31"]
[SourceVersion "1"]
[SourceVersionDate "2022.07.31"]
[SourceQuality "1"]
[WhiteTeam "Airports Authority"]
[BlackTeam "Maharashtra"]
[WhiteTeamCountry "IND"]
[BlackTeamCountry "IND"]

1. Nf3 Nf6 2. c4 c5 3. Nc3 d5 4. cxd5 Nxd5 5. e4 Nxc3 6. bxc3 g6 7. d4 Bg7 8. Be2 cxd4 9. cxd4 Nc6 10. Be3 Qa5+ 11. Bd2 Qd8 12. d5 Ne5 13. Rc1 0-0 14. Nxe5 Bxe5 15. 0-0 e6 16. Bb4 Re8 17. d6 Qh4 18. g3 Qxe4 19. Rc4 Qd5 20. Qc2 Bd7 21. Rd1 Qb5 22. Re4 Qb6 23. Qc7 1-0

[Event "Maharashtra State-ch U25"]
[Site "Nasik"]
[Date "2018.08.11"]
[Round "6"]
[White "Dere, Pushkar"]
[Black "Gengaje, Pratik"]
[Result "1-0"]
[WhiteElo "1777"]
[BlackElo "1574"]
[PlyCount "77"]
[EventDate "2018.08.09"]
[EventType "swiss"]
[EventRounds "9"]
[EventCountry "IND"]
[SourceTitle "CBM 186 Extra"]
[Source "ChessBase"]
[SourceDate "2018.08.24"]
[SourceVersion "1"]
[SourceVersionDate "2018.08.24"]
[SourceQuality "1"]

1. e4 e6 2. b3 d5 3. Bb2 dxe4 4. Nc3 Nf6 5. g4 h6 6. Bg2 Nc6 7. Nxe4 Be7 8. Ng3 e5 9. h3 Be6 10. Bxc6+ bxc6 11. Bxe5 Qd5 12. Bc3 Ne4 13. Qf3 Nxc3 14. dxc3 Qxf3 15. Nxf3 Bd5 16. Ke2 Bf6 17. Rad1 0-0-0 18. Rd3 Rhe8+ 19. Kf1 Bxf3 20. Rxf3 Rd2 21. Nh5 Re6 22. Nxf6 gxf6 23. Kg2 Rxc2 24. a4 Rb2 25. b4 Rd2 26. h4 Rd5 27. Rhh3 c5 28. Rf4 cxb4 29. cxb4 Kd7 30. b5 a6 31. Rc3 axb5 32. Rxc7+ Ke8 33. axb5 Rxb5 34. Rc8+ Ke7 35. Rc7+ Kd6 36. Rxf7 h5 37. Rd4+ Kc6 38. Rf8 hxg4 39. Rxg4 1-0

[Event "Thane ARMS op 1st"]
[Site "Thane"]
[Date "2018.04.21"]
[Round "5"]
[White "Bartakke, Amardeep S"]
[Black "Gengaje, Pratik"]
[Result "1/2-1/2"]
[WhiteElo "2026"]
[BlackElo "1448"]
[PlyCount "62"]
[EventDate "2018.04.21"]
[EventType "swiss (rapid)"]
[EventRounds "9"]
[EventCountry "IND"]
[SourceTitle "CBM 184 Extra"]
[Source "ChessBase"]
[SourceDate "2018.06.28"]
[SourceVersion "1"]
[SourceVersionDate "2018.06.28"]
[SourceQuality "1"]

1. e4 d5 2. exd5 Qxd5 3. Nc3 Qa5 4. d4 Nf6 5. Bc4 c6 6. Nge2 Bf5 7. 0-0 e6 8. Ng3 Be7 9. Bd2 Bg6 10. Qe2 0-0 11. Nd5 Qd8 12. Nxe7+ Qxe7 13. Bb3 Re8 14. c4 c5 15. d5 Nbd7 16. Rfe1 Qd6 17. Qf3 Ne5 18. Qe2 exd5 19. Bf4 Nfd7 20. cxd5 f6 21. Ne4 Bxe4 22. Qxe4 b5 23. Rad1 Re7 24. a4 b4 25. h4 Rae8 26. h5 Nf3+ 27. gxf3 Rxe4 28. Rxe4 Ne5 29. Kg2 Kf8 30. Rde1 Qd7 31. Kg1 Qd6 1/2-1/2

[Event "New Delhi Parsvnath op-C 16th"]
[Site "New Delhi"]
[Date "2018.01.15"]
[Round "6"]
[White "Kathiravan, T."]
[Black "Gengaje, Pratik"]
[Result "1/2-1/2"]
[WhiteElo "1486"]
[BlackElo "1517"]
[PlyCount "103"]
[EventDate "2018.01.09"]
[EventType "swiss"]
[EventRounds "10"]
[EventCountry "IND"]
[SourceTitle "CBM 182 Extra"]
[Source "ChessBase"]
[SourceDate "2018.02.23"]
[SourceVersion "1"]
[SourceVersionDate "2018.02.23"]
[SourceQuality "1"]

1. d4 Nf6 2. Nf3 c5 3. d5 d6 4. c4 e6 5. Nc3 Be7 6. dxe6 Bxe6 7. Bf4 d5 8. cxd5 Nxd5 9. Nxd5 Qxd5 10. Qxd5 Bxd5 11. a3 Nc6 12. e3 0-0 13. Be2 Rfe8 14. 0-0 Bf6 15. Rad1 Rad8 16. h3 h6 17. Rd2 Bb3 18. Rc1 Rxd2 19. Nxd2 Be6 20. Rxc5 Bxb2 21. Rb5 Bxa3 22. Rxb7 Re7 23. Rb1 a5 24. Rb6 Bb4 25. Nf3 Bd5 26. Bb5 Bxf3 27. gxf3 Ne5 28. Kg2 g5 29. Bg3 Kg7 30. f4 gxf4 31. exf4 Nd7 32. Rc6 Nf8 33. f5 f6 34. Bh4 Nh7 35. Bc4 Ra7 36. f4 Rd7 37. Bf2 Nf8 38. Bb5 Rd5 39. Rc7+ Kh8 40. Bc4 Rxf5 41. Kf3 Rxf4+ 42. Kxf4 Bd6+ 43. Kf5 Bxc7 44. Kxf6 Nh7+ 45. Kg6 Be5 46. Bb5 Bg7 47. Be1 Ng5 48. h4 Nf3 49. Bxa5 Nxh4+ 50. Kh5 Nf5 51. Bd2 Ne7 52. Bc1 1/2-1/2